Statistics for Geography Questions #3

Click here to take the quiz!

General Stats

  • This quiz has been taken 522 times
    (424 since last reset)
  • The average score is 12 of 16

Answer Stats

HintAnswer% Correct
Country bordering BangladeshIndia
97%
Most populous countryChina
97%
Most populous city the USANew York City
93%
4th largest countryUSA
88%
Country part of CzechoslovakiaCzech Republic
85%
Country part of CzechoslovakiaSlovakia
85%
Most populous cityTokyo
81%
Country bordering BangladeshBurma
80%
Capital of SlovakiaBratislava
74%
Deepest point under the oceanMariana Trench
65%
4th longest riverMississippi/Missouri River
63%
Location where (officially) hottest temperature was recorded | Lowest point in Western hemisphereDeath Valley, California
58%
The Ocean where Mariana Trench is locatedPacific Ocean
52%
3rd longest riverYangtze River
50%
Lowest point in Eastern hemisphereDead Sea, Israel/Jordan
41%

Score Distribution

Percentile by Number Answered

Percent of People with Each Score

Your Score History

You have not taken this quiz since the last reset